[Event "La Palma Island op"]
[Site "Santa Cruz de La Palma"]
[Date "2023.08.06"]
[Round "2"]
[White "Martinez Reyes, Pedro Ramon"]
[Black "Zschischang, Marine"]
[Result "1-0"]
[WhiteElo "2354"]
[BlackElo "2084"]
[PlyCount "99"]
[EventDate "2023.08.05"]
[EventType "swiss"]
[EventRounds "9"]
[EventCountry "ESP"]
[SourceTitle "CBM 215 Extra"]
[Source "ChessBase"]
[SourceDate "2023.09.30"]
[SourceVersion "1"]
[SourceVersionDate "2023.09.30"]
[SourceQuality "1"]

1. e4 e6 2. d4 d5 3. Nc3 dxe4 4. Nxe4 Nd7 5. Nf3 Ngf6 6. Nxf6+ Nxf6 7. Ne5 a6 8. Bd3 c5 9. dxc5 Bxc5 10. 0-0 0-0 11. Re1 b5 12. Qf3 Qc7 13. Qh3 g6 14. Bh6 Re8 15. a4 b4 16. Qf3 Nd5 17. Be4 Bb7 18. Bxd5 Bxd5 19. Qf6 Bf8 20. Ng4 Rec8 21. Bf4 Bg7 22. Bxc7 Bxf6 23. Nxf6+ Kg7 24. Be5 Kh6 25. Re3 g5 26. Nxd5 exd5 27. c3 Rc4 28. b3 Re4 29. Rxe4 dxe4 30. cxb4 Re8 31. Bd4 Rd8 32. Rd1 Kg6 33. g4 h5 34. gxh5+ Kxh5 35. b5 axb5 36. a5 b4 37. a6 Kg4 38. a7 Kf3 39. Ra1 Ra8 40. Be5 Ke2 41. Bb8 Kd2 42. Ra5 f6 43. Rc5 Kd3 44. Rc4 f5 45. Rxb4 f4 46. Rb7 Ke2 47. Re7 e3 48. fxe3 f3 49. Rf7 Kxe3 50. b4 1-0

[Event "GER-ch Blitz (Women)"]
[Site "Viernheim"]
[Date "2023.07.15"]
[Round "10"]
[White "Arnhold, Steffi"]
[Black "Zschischang, Marine"]
[Result "0-1"]
[WhiteElo "2110"]
[BlackElo "2084"]
[PlyCount "90"]
[EventDate "2023.07.15"]
[EventType "tourn (blitz)"]
[EventRounds "27"]
[EventCountry "GER"]
[SourceTitle "CBM 215 Extra"]
[Source "ChessBase"]
[SourceDate "2023.09.30"]
[SourceVersion "1"]
[SourceVersionDate "2023.09.30"]
[SourceQuality "1"]

1. e4 e6 2. d4 d5 3. Nc3 dxe4 4. Nxe4 Nd7 5. Nf3 Ngf6 6. Ng3 c5 7. c3 cxd4 8. cxd4 Bb4+ 9. Bd2 Bxd2+ 10. Qxd2 0-0 11. Bc4 Nb6 12. Bb3 Nbd5 13. 0-0 b6 14. Bc2 Bb7 15. a3 Rc8 16. Rad1 Qd6 17. Bb1 Rfd8 18. Rfe1 Qf4 19. Qd3 Ne7 20. Nh5 Nxh5 21. Qxh7+ Kf8 22. Qh8+ Ng8 23. Qxh5 Bxf3 24. Qxf3 Qxf3 25. gxf3 Rd7 26. Kf1 Rcd8 27. Ke2 Rxd4 28. Rxd4 Rxd4 29. Rc1 Nf6 30. Ke3 Rd7 31. Rc8+ Ke7 32. Bc2 Nd5+ 33. Ke4 Kd6 34. Ba4 Rc7 35. Rd8+ Ke7 36. Re8+ Kf6 37. Rd8 Rc4+ 38. Kd3 Rxa4 39. Rd7 a5 40. Rb7 Rh4 41. f4 Rxh2 42. f5 Rxf2 43. fxe6 fxe6 44. Rb8 Rxb2 45. a4 Rb4 0-1

[Event "GER-ch Blitz (Women)"]
[Site "Viernheim"]
[Date "2023.07.15"]
[Round "16"]
[White "Buchholz, Maja Patricia"]
[Black "Zschischang, Marine"]
[Result "0-1"]
[WhiteElo "1858"]
[BlackElo "2084"]
[PlyCount "70"]
[EventDate "2023.07.15"]
[EventType "tourn (blitz)"]
[EventRounds "27"]
[EventCountry "GER"]
[SourceTitle "CBM 215 Extra"]
[Source "ChessBase"]
[SourceDate "2023.09.30"]
[SourceVersion "1"]
[SourceVersionDate "2023.09.30"]
[SourceQuality "1"]

1. c4 e6 2. g3 d5 3. Bg2 c6 4. b3 f5 5. Bb2 Nf6 6. Nf3 Nbd7 7. d3 Be7 8. Nbd2 0-0 9. 0-0 Qc7 10. Qc2 Bd6 11. Rac1 Qb8 12. e4 dxe4 13. dxe4 f4 14. Rfe1 fxg3 15. fxg3 e5 16. Nf1 Ng4 17. a3 Bc5+ 18. Kh1 Nf2+ 19. Kg1 Nd3+ 20. Ne3 Nxc1 21. Qxc1 a5 22. Qd2 Qa7 23. b4 axb4 24. axb4 Bxe3+ 25. Rxe3 Qa2 26. c5 Qe6 27. Rd3 h6 28. Rd6 Qa2 29. Qc3 Qb1+ 30. Ne1 Ra2 31. Qc4+ Kh8 32. Bc3 Rff2 33. Bh3 Rxh2 34. Qe6 Qxe4 35. Qe8+ Kh7 0-1

[Event "GER-ch Blitz (Women)"]
[Site "Viernheim"]
[Date "2023.07.15"]
[Round "27"]
[White "Bursan, Ana Maria"]
[Black "Zschischang, Marine"]
[Result "1-0"]
[WhiteElo "1476"]
[BlackElo "2084"]
[PlyCount "55"]
[EventDate "2023.07.15"]
[EventType "tourn (blitz)"]
[EventRounds "27"]
[EventCountry "GER"]
[SourceTitle "CBM 215 Extra"]
[Source "ChessBase"]
[SourceDate "2023.09.30"]
[SourceVersion "1"]
[SourceVersionDate "2023.09.30"]
[SourceQuality "1"]

1. d4 e6 2. Nf3 d5 3. Bf4 Bd6 4. Bxd6 cxd6 5. e3 f5 6. c4 dxc4 7. Bxc4 d5 8. Bd3 Nc6 9. 0-0 Nf6 10. Ne5 Nxe5 11. dxe5 Nd7 12. f4 Qb6 13. Qd2 Nc5 14. Be2 Ne4 15. Qc2 Qxe3+ 16. Kh1 0-0 17. Bd3 Bd7 18. Nc3 Rfc8 19. Rf3 Qd4 20. Bxe4 fxe4 21. Rd1 Qb6 22. Rh3 Be8 23. f5 d4 24. Qxe4 dxc3 25. Qh4 h6 26. Rg3 Kh7 27. Qe7 Bg6 28. Rxg6 1-0

[Event "GER-ch Blitz (Women)"]
[Site "Viernheim"]
[Date "2023.07.15"]
[Round "6"]
[White "Novikova, Margarita"]
[Black "Zschischang, Marine"]
[Result "1-0"]
[WhiteElo "1995"]
[BlackElo "2084"]
[PlyCount "74"]
[EventDate "2023.07.15"]
[EventType "tourn (blitz)"]
[EventRounds "27"]
[EventCountry "GER"]
[SourceTitle "CBM 215 Extra"]
[Source "ChessBase"]
[SourceDate "2023.09.30"]
[SourceVersion "1"]
[SourceVersionDate "2023.09.30"]
[SourceQuality "1"]

1. e4 e6 2. d4 d5 3. Nd2 dxe4 4. Nxe4 Nd7 5. Nf3 Ngf6 6. Ng3 c5 7. c3 cxd4 8. Nxd4 Bc5 9. Be3 Nd5 10. Bc1 0-0 11. Ne4 Bb6 12. Be2 Nc5 13. Nxc5 Bxc5 14. 0-0 a5 15. a4 b6 16. Bf3 Bxd4 17. Qxd4 Rb8 18. Rd1 Bb7 19. h3 Qc7 20. c4 Nb4 21. Bf4 Qe7 22. Bd6 Qf6 23. Qxf6 gxf6 24. Bxb7 Rxb7 25. Bxf8 Kxf8 26. Rd8+ Ke7 27. Rh8 Rc7 28. b3 Rd7 29. Rxh7 Rd3 30. Rb1 Nc6 31. Rh8 Nd4 32. Rb8 Nxb3 33. Rxb6 Nd2 34. Rb7+ Kf8 35. R1b5 Nxc4 36. Rc5 Ne5 37. Rxa5 Ke8 1-0

[Event "GER-ch Blitz (Women)"]
[Site "Viernheim"]
[Date "2023.07.15"]
[Round "3"]
[White "Zschischang, Marine"]
[Black "Birkholz, Olga"]
[Result "0-1"]
[WhiteElo "2084"]
[BlackElo "1991"]
[PlyCount "67"]
[EventDate "2023.07.15"]
[EventType "tourn (blitz)"]
[EventRounds "27"]
[EventCountry "GER"]
[SourceTitle "CBM 215 Extra"]
[Source "ChessBase"]
[SourceDate "2023.09.30"]
[SourceVersion "1"]
[SourceVersionDate "2023.09.30"]
[SourceQuality "1"]

1. d4 Nf6 2. Nc3 d6 3. e4 g6 4. Be3 Bg7 5. Qd2 c6 6. f3 b5 7. a3 Nbd7 8. Bh6 Bxh6 9. Qxh6 Qb6 10. Nge2 Bb7 11. g4 0-0-0 12. h4 e5 13. Qd2 exd4 14. Nxd4 Ne5 15. Be2 d5 16. exd5 Nxd5 17. 0-0-0 Rhe8 18. Rhe1 a6 19. Nxd5 Rxd5 20. Qc3 Kb8 21. f4 Nc4 22. Bxc4 Rxe1 23. Qxe1 Rxd4 24. Bxf7 Rxf4 25. Qe5+ Qc7 26. Rd8+ Bc8 27. Qxc7+ Kxc7 28. Rf8 Be6 29. Ra8 Rxf7 30. Rxa6 Bc8 31. Ra7+ Bb7 32. Ra5 Rf4 33. b4 Rxg4 34. a4 0-1

[Event "GER-ch Blitz (Women)"]
[Site "Viernheim"]
[Date "2023.07.15"]
[Round "7"]
[White "Zschischang, Marine"]
[Black "Ley, Sabrina"]
[Result "1-0"]
[WhiteElo "2084"]
[BlackElo "1838"]
[PlyCount "77"]
[EventDate "2023.07.15"]
[EventType "tourn (blitz)"]
[EventRounds "27"]
[EventCountry "GER"]
[SourceTitle "CBM 215 Extra"]
[Source "ChessBase"]
[SourceDate "2023.09.30"]
[SourceVersion "1"]
[SourceVersionDate "2023.09.30"]
[SourceQuality "1"]

1. d4 Nf6 2. Nf3 g6 3. Nc3 d5 4. Bf4 Bg7 5. e3 a6 6. Be2 0-0 7. Ne5 Nbd7 8. h4 h5 9. f3 c5 10. g4 cxd4 11. exd4 Qa5 12. Nxd7 Bxd7 13. Be5 b5 14. gxh5 Nxh5 15. Bxg7 Nxg7 16. Qd2 Nf5 17. Nxd5 Qxd2+ 18. Kxd2 Nxd4 19. c3 Nf5 20. Bd3 Be6 21. Nf4 Bd7 22. h5 g5 23. Rag1 f6 24. Ng6 Rfd8 25. Kc1 Kf7 26. f4 gxf4 27. Nxf4 Be6 28. Nxe6 Kxe6 29. Re1+ Kf7 30. Bxf5 e5 31. Bg6+ Ke7 32. h6 Rh8 33. h7 Rad8 34. Rhf1 Rd6 35. Bf5 Rc6 36. Rg1 Rc5 37. Rg8 Rc8 38. Bxc8 Rxh7 39. Rd1 1-0

[Event "GER-ch Blitz (Women)"]
[Site "Viernheim"]
[Date "2023.07.15"]
[Round "11"]
[White "Zschischang, Marine"]
[Black "Nikolaeva, Mariya A"]
[Result "1-0"]
[WhiteElo "2084"]
[BlackElo "1249"]
[PlyCount "147"]
[EventDate "2023.07.15"]
[EventType "tourn (blitz)"]
[EventRounds "27"]
[EventCountry "GER"]
[SourceTitle "CBM 215 Extra"]
[Source "ChessBase"]
[SourceDate "2023.09.30"]
[SourceVersion "1"]
[SourceVersionDate "2023.09.30"]
[SourceQuality "1"]

1. d4 Nf6 2. Nf3 g6 3. Nc3 Bg7 4. e4 d6 5. Be3 a6 6. Qd2 h6 7. h4 Ng4 8. Bf4 e5 9. dxe5 Nxe5 10. Nxe5 dxe5 11. Qxd8+ Kxd8 12. 0-0-0+ Bd7 13. Be3 Nc6 14. Bc4 f5 15. exf5 gxf5 16. Be6 Nd4 17. Bxd7 Kxd7 18. Ne2 Ke7 19. Nxd4 exd4 20. Bxd4 Bxd4 21. Rxd4 Rhg8 22. Re1+ Kf6 23. g3 Rad8 24. Red1 Rxd4 25. Rxd4 Rg7 26. Kd2 Ke5 27. Ke3 c5 28. Rd2 b5 29. Rd8 Rg6 30. c3 c4 31. Re8+ Kf6 32. Kf4 Rg4+ 33. Kf3 Rg6 34. Ke3 Rg4 35. Ra8 Re4+ 36. Kf3 Re6 37. Rh8 Kg7 38. Rd8 Kf6 39. Rd2 h5 40. Rd5 Kg6 41. a4 bxa4 42. Ra5 Rb6 43. Rxa4 Kf6 44. Rxc4 Rxb2 45. Rc6+ Ke5 46. Rxa6 Rb3 47. Rc6 Kd5 48. Rc8 Ke5 49. Rc4 Ra3 50. Rc5+ Ke6 51. Kf4 Ra4+ 52. c4 Kd6 53. Rd5+ Ke6 54. Re5+ Kd6 55. Kxf5 Rxc4 56. Re4 Rc2 57. Rf4 Rc5+ 58. Kg6 Ke6 59. Rf6+ Ke7 60. Rf5 Rc6+ 61. Kxh5 Ke6 62. g4 Rc8 63. Kg5 Rc4 64. h5 Rc8 65. h6 Rg8+ 66. Kh5 Rh8 67. Kg6 Rg8+ 68. Kh5 Rh8 69. Rg5 Kf6 70. f4 Ra8 71. h7 Rh8 72. Kh6 Kf7 73. Rg7+ Kf8 74. g5 1-0

[Event "GER-ch Blitz (Women)"]
[Site "Viernheim"]
[Date "2023.07.15"]
[Round "9"]
[White "Zschischang, Marine"]
[Black "Stangl, Anita"]
[Result "1-0"]
[WhiteElo "2084"]
[BlackElo "2037"]
[PlyCount "127"]
[EventDate "2023.07.15"]
[EventType "tourn (blitz)"]
[EventRounds "27"]
[EventCountry "GER"]
[SourceTitle "CBM 215 Extra"]
[Source "ChessBase"]
[SourceDate "2023.09.30"]
[SourceVersion "1"]
[SourceVersionDate "2023.09.30"]
[SourceQuality "1"]

1. d4 e6 2. Nf3 d5 3. c4 c6 4. cxd5 exd5 5. Qc2 Bd6 6. Nc3 Nf6 7. Bg5 h6 8. Bh4 0-0 9. e3 Nbd7 10. Bd3 Re8 11. h3 Qb6 12. Bxf6 Nxf6 13. 0-0 Bd7 14. Rac1 Rac8 15. Na4 Qa5 16. Nc5 Bxc5 17. dxc5 Ne4 18. Nd4 Qc7 19. Qe2 Qe5 20. Rfd1 Qg5 21. Qf3 f5 22. Qf4 Qf6 23. f3 Ng5 24. Bxf5 Bxf5 25. Qxf5 Rc7 26. Qxf6 gxf6 27. Nf5 Re5 28. Nxh6+ Kh7 29. Ng4 Re6 30. Kf2 Rce7 31. Rc3 f5 32. Nh2 Kg6 33. Nf1 Nf7 34. Rd2 Ne5 35. b4 Nc4 36. Re2 f4 37. e4 b5 38. cxb6 axb6 39. Rec2 b5 40. exd5 cxd5 41. Rd3 Re5 42. Rd4 Kg5 43. h4+ Kf5 44. h5 Rh7 45. g4+ fxg3+ 46. Nxg3+ Kg5 47. f4+ Kf6 48. fxe5+ Kxe5 49. Rh4 Rf7+ 50. Kg1 Ne3 51. Re2 d4 52. h6 Rh7 53. a3 Kd5 54. Rh5+ Kc4 55. Nf1 Nd5 56. Rc2+ Nc3 57. Rg2 d3 58. Rg7 Rh8 59. h7 Ne2+ 60. Kf2 Rf8+ 61. Ke1 Kc3 62. Rc5+ Kd4 63. Rg8 Rf6 64. h8Q 1-0

[Event "Calvia Amateur op 19th"]
[Site "Calvia"]
[Date "2022.10.13"]
[Round "6"]
[White "Zschischang, Marine"]
[Black "Becerra, Juan David"]
[Result "0-1"]
[WhiteElo "2083"]
[BlackElo "2296"]
[PlyCount "62"]
[EventDate "2022.10.08"]
[EventType "swiss"]
[EventRounds "9"]
[EventCountry "ESP"]
[SourceTitle "CBM 210 Extra"]
[Source "ChessBase"]
[SourceDate "2022.11.30"]
[SourceVersion "1"]
[SourceVersionDate "2022.11.30"]
[SourceQuality "1"]

1. d4 Nf6 2. Nf3 d5 3. c4 e6 4. Nc3 c6 5. e3 Nbd7 6. Qc2 a6 7. b3 Bd6 8. Bd3 e5 9. cxd5 cxd5 10. dxe5 Nxe5 11. Nxe5 Bxe5 12. Bb2 Be6 13. Ne2 Rc8 14. Qd2 Bd6 15. h3 Qe7 16. 0-0 0-0 17. Rac1 Rcd8 18. Bb1 Ne4 19. Qd4 f5 20. Nf4 Rf7 21. b4 Bd7 22. Nxd5 Qf8 23. a3 Bc6 24. Ba2 Kh8 25. Rfd1 Rfd7 26. Qc4 Bb8 27. Nc3 Rxd1+ 28. Rxd1 Nxc3 29. Rxd8 Qxd8 30. Bxc3 Qd1+ 31. Qf1 Bh2+ 0-1

[Event "Calvia Amateur op 19th"]
[Site "Calvia"]
[Date "2022.10.11"]
[Round "4"]
[White "Moore, Graham J"]
[Black "Zschischang, Marine"]
[Result "1-0"]
[WhiteElo "2218"]
[BlackElo "2083"]
[PlyCount "155"]
[EventDate "2022.10.08"]
[EventType "swiss"]
[EventRounds "9"]
[EventCountry "ESP"]
[SourceTitle "CBM 210 Extra"]
[Source "ChessBase"]
[SourceDate "2022.11.30"]
[SourceVersion "1"]
[SourceVersionDate "2022.11.30"]
[SourceQuality "1"]

1. e4 e6 2. d4 d5 3. Nc3 dxe4 4. Nxe4 Nd7 5. Nf3 Ngf6 6. Bd3 c5 7. 0-0 Qc7 8. c4 Nxe4 9. Bxe4 Nf6 10. Bc2 cxd4 11. Nxd4 a6 12. Re1 Bb4 13. Bd2 Bd6 14. Nf5 Bxh2+ 15. Kh1 0-0 16. Nxg7 Bf4 17. Nh5 Nxh5 18. Qxh5 f5 19. Bc3 Qf7 20. Qf3 Bh6 21. Rad1 Bg7 22. Bb4 Re8 23. Ba4 b5 24. cxb5 Bb7 25. Qg3 f4 26. Qg5 h6 27. Qg4 axb5 28. Bxb5 Bxg2+ 29. Kg1 Bd5 30. Bxe8 Rxe8 31. Bc3 Bxa2 32. Re4 Kh7 33. Rxf4 Qc7 34. Qf3 e5 35. Qe4+ Kh8 36. Rg4 Be6 37. Rg6 Bc8 38. Rdd6 Re7 39. Rc6 Qd8 40. Rcd6 Qf8 41. Qh4 Bf5 42. Rxh6+ Kg8 43. Qc4+ Qf7 44. Rd8+ Bf8 45. Qxf7+ Kxf7 46. Rxf8+ Kxf8 47. Rf6+ Rf7 48. Rxf7+ Kxf7 49. Bxe5 Ke6 50. f4 Kd5 51. Kf2 Kc4 52. Ke3 Bc2 53. Kf3 Bd1+ 54. Kg3 Bb3 55. Kg4 Kd5 56. Bc3 Ke6 57. f5+ Ke7 58. Be5 Kd7 59. Kf4 Kc6 60. Bc3 Kd5 61. f6 Ke6 62. Ke4 Bd5+ 63. Kd4 Bb3 64. Kc5 Kd7 65. Kb4 Bf7 66. Ka4 Kc6 67. b4 Kb6 68. Bd4+ Ka6 69. b5+ Kb7 70. Kb4 Kc7 71. Kc5 Bh5 72. b6+ Kd7 73. Kd5 Bg4 74. Ke5 Bh5 75. Kf5 Bf7 76. Kg5 Bd5 77. Kg6 Ke8 78. b7 1-0

[Event "Calvia Amateur op 19th"]
[Site "Calvia"]
[Date "2022.10.08"]
[Round "1"]
[White "Zschischang, Marine"]
[Black "Vernuks, Vjaceslavs"]
[Result "1/2-1/2"]
[WhiteElo "2083"]
[BlackElo "1664"]
[PlyCount "74"]
[EventDate "2022.10.08"]
[EventType "swiss"]
[EventRounds "9"]
[EventCountry "ESP"]
[SourceTitle "CBM 210 Extra"]
[Source "ChessBase"]
[SourceDate "2022.11.30"]
[SourceVersion "1"]
[SourceVersionDate "2022.11.30"]
[SourceQuality "1"]

1. d4 Nf6 2. Nf3 g6 3. Nc3 Bg7 4. e4 d6 5. Be3 0-0 6. Qd2 Ng4 7. Bg5 h6 8. Bh4 Qe8 9. h3 Nf6 10. g4 c6 11. g5 hxg5 12. Bxg5 e5 13. dxe5 dxe5 14. 0-0-0 Nh5 15. Nh4 Kh7 16. Kb1 Rh8 17. Be2 Kg8 18. Bg4 Na6 19. Qd8 Bxg4 20. Qxe8+ Rxe8 21. hxg4 Nf4 22. Bxf4 exf4 23. f3 Be5 24. Ng2 Rxh1 25. Rxh1 Bxc3 26. bxc3 g5 27. Rd1 Nc5 28. Kb2 f6 29. Ne1 Kf8 30. Nd3 Rd8 31. c4 Ke7 32. Kc3 b6 33. Rh1 Nd7 34. Rh6 c5 35. Kb3 Ke6 36. Rh7 a6 37. a4 a5 1/2-1/2

[Event "GER-ch Rapid (Women)"]
[Site "Goettingen"]
[Date "2022.09.24"]
[Round "3"]
[White "Kosovska, Olena"]
[Black "Zschischang, Marine"]
[Result "0-1"]
[WhiteElo "1831"]
[BlackElo "2083"]
[PlyCount "116"]
[EventDate "2022.09.24"]
[EventType "swiss (rapid)"]
[EventRounds "9"]
[EventCountry "GER"]
[SourceTitle "CBM 210 Extra"]
[Source "ChessBase"]
[SourceDate "2022.11.30"]
[SourceVersion "1"]
[SourceVersionDate "2022.11.30"]
[SourceQuality "1"]

1. e4 e6 2. d4 d5 3. Nd2 dxe4 4. Nxe4 Nd7 5. Bb5 Ngf6 6. Nxf6+ Qxf6 7. Nf3 Qg6 8. 0-0 Qh5 9. Qd3 Bd6 10. c4 c6 11. Ba4 0-0 12. Bc2 Nf6 13. Bg5 Bxh2+ 14. Nxh2 Qxg5 15. Rfe1 Rd8 16. Qc3 Qf4 17. Rad1 b6 18. Re3 c5 19. Rf3 Qc7 20. Rxf6 gxf6 21. Qf3 f5 22. Qxa8 Bb7 23. Qxa7 Ra8 24. Qxa8+ Bxa8 25. d5 Qf4 26. Nf3 Qxc4 27. Bb3 Qe2 28. dxe6 fxe6 29. Rd8+ Kf7 30. Rxa8 c4 31. Ra7+ Kf6 32. Ba4 Qxb2 33. Be8 e5 34. Rxh7 c3 35. Rf7+ Ke6 36. Ng5+ Kd5 37. Rd7+ Kc4 38. Bf7+ Kb5 39. Bb3 c2 40. Bxc2 Qxc2 41. Nf3 Qc1+ 42. Kh2 Qf4+ 43. Kg1 e4 44. Nd4+ Ka6 45. Ne2 Qe5 46. Rf7 Qa1+ 47. Kh2 Qxa2 48. Rxf5 Qxe2 49. Kg3 b5 50. Re5 Qc2 51. f3 exf3 52. gxf3 b4 53. f4 b3 54. Kg4 b2 55. Re1 Qg6+ 56. Kf3 b1Q 57. Rxb1 Qxb1 58. Kg4 Qg6+ 0-1

[Event "GER-ch blitz (Women)"]
[Site "Magdeburg"]
[Date "2022.08.13"]
[Round "18"]
[White "Heil, Marina"]
[Black "Zschischang, Marine"]
[Result "0-1"]
[WhiteElo "1926"]
[BlackElo "2012"]
[PlyCount "102"]
[EventDate "2022.08.13"]
[EventType "tourn (blitz)"]
[EventRounds "23"]
[EventCountry "GER"]
[SourceTitle "CBM 209 Extra"]
[Source "ChessBase"]
[SourceDate "2022.09.30"]
[SourceVersion "1"]
[SourceVersionDate "2022.09.30"]
[SourceQuality "1"]

1. c4 e6 2. Nc3 d5 3. d4 c6 4. Nf3 dxc4 5. e4 b5 6. a4 Bb4 7. axb5 cxb5 8. Bd2 Bxc3 9. bxc3 Bb7 10. e5 a6 11. Rb1 Qc7 12. Be2 Nd7 13. 0-0 Nb6 14. Nh4 Ne7 15. f4 Ng6 16. Qe1 Qe7 17. Nf3 Nd5 18. Ng5 h6 19. Ne4 0-0 20. Nd6 Bc6 21. f5 exf5 22. Nxf5 Qc7 23. Qc1 Nge7 24. Nxh6+ gxh6 25. Bxh6 Ng6 26. Bxf8 Kxf8 27. Qh6+ Ke8 28. Rf3 Nde7 29. Rf6 Bd5 30. Rbf1 Be6 31. Bh5 Kd7 32. Bxg6 Nxg6 33. Rxf7+ Bxf7 34. Rxf7+ Ne7 35. Qf6 Re8 36. d5 Qc5+ 37. Kf1 Qxd5 38. Rg7 Qd1+ 39. Kf2 Qd2+ 40. Kf1 Qxc3 41. Qd6+ Kc8 42. Qxa6+ Kd8 43. Qa8+ Kd7 44. Qb7+ Ke6 45. Qb6+ Kxe5 46. Qxb5+ Kf6 47. Qg5+ Ke6 48. Qg4+ Kd6 49. Qd1+ Qd3+ 50. Qxd3+ cxd3 51. Ke1 Nf5+ 0-1

[Event "GER-ch blitz (Women)"]
[Site "Magdeburg"]
[Date "2022.08.13"]
[Round "6"]
[White "Khrapko, Marharyta"]
[Black "Zschischang, Marine"]
[Result "0-1"]
[WhiteElo "2036"]
[BlackElo "2012"]
[PlyCount "88"]
[EventDate "2022.08.13"]
[EventType "tourn (blitz)"]
[EventRounds "23"]
[EventCountry "GER"]
[SourceTitle "CBM 209 Extra"]
[Source "ChessBase"]
[SourceDate "2022.09.30"]
[SourceVersion "1"]
[SourceVersionDate "2022.09.30"]
[SourceQuality "1"]

1. b3 e6 2. Bb2 d5 3. e4 dxe4 4. Nc3 Nf6 5. Qe2 Bb4 6. 0-0-0 Qe7 7. Kb1 0-0 8. Nxe4 Nxe4 9. Qxe4 a5 10. a4 Nd7 11. h4 f5 12. Qf3 e5 13. Bc4+ Kh8 14. Nh3 Nb6 15. Bb5 c6 16. Bf1 Be6 17. Ng5 Bd5 18. Qe3 Rae8 19. f4 Nd7 20. Bd3 e4 21. Be2 Nf6 22. h5 h6 23. Nh3 Bd6 24. Rhg1 Bf7 25. Nf2 Bxh5 26. Bxh5 Nxh5 27. Rh1 Bxf4 28. Qc3 Nf6 29. g3 Bg5 30. Nh3 Kg8 31. Nxg5 hxg5 32. Qe3 Ng4 33. Qg1 Kf7 34. Rf1 Ke6 35. Qd4 Rd8 36. Qc4+ Kd7 37. d3 Kc8 38. Rh7 Nf6 39. Rh2 e3 40. Rxf5 Nd5 41. Re2 Rxf5 42. Qg4 Qd7 43. c4 Nb4 44. Rxe3 Rf1+ 0-1

[Event "GER-ch blitz (Women)"]
[Site "Magdeburg"]
[Date "2022.08.13"]
[Round "5"]
[White "Zschischang, Marine"]
[Black "Daemering, Katrin"]
[Result "1-0"]
[WhiteElo "2012"]
[BlackElo "2097"]
[PlyCount "84"]
[EventDate "2022.08.13"]
[EventType "tourn (blitz)"]
[EventRounds "23"]
[EventCountry "GER"]
[SourceTitle "CBM 209 Extra"]
[Source "ChessBase"]
[SourceDate "2022.09.30"]
[SourceVersion "1"]
[SourceVersionDate "2022.09.30"]
[SourceQuality "1"]

1. d4 d6 2. e4 g6 3. Be3 Bg7 4. Qd2 c5 5. c3 cxd4 6. cxd4 Nc6 7. Nc3 a6 8. Be2 Bd7 9. h4 h5 10. Nh3 Rc8 11. a3 Nf6 12. b4 b5 13. f3 Qc7 14. Rc1 Qb7 15. Ng5 e6 16. 0-0 Qb8 17. Bf2 0-0 18. d5 Ne5 19. dxe6 fxe6 20. Rfd1 Rc6 21. Nb1 Rfc8 22. Rxc6 Rxc6 23. Bg3 Nc4 24. Bxc4 bxc4 25. Bxd6 Qb6+ 26. Bc5 Rxc5 27. bxc5 Qxc5+ 28. Kh1 c3 29. Qd6 Qf2 30. Qf4 c2 31. Rc1 e5 32. Qxe5 Qxh4+ 33. Nh3 Bxh3 34. gxh3 Qxh3+ 35. Qh2 Qc8 36. Rxc2 Qd7 37. Qg2 Kh7 38. Rd2 Qe7 39. a4 Qb4 40. Nc3 Qxa4 41. Ne2 Qa1+ 42. Kh2 Qe5+ 1-0

[Event "GER-ch blitz (Women)"]
[Site "Magdeburg"]
[Date "2022.08.13"]
[Round "7"]
[White "Zschischang, Marine"]
[Black "Grabowski, Petra1111"]
[Result "0-1"]
[WhiteElo "2012"]
[BlackElo "1656"]
[PlyCount "99"]
[EventDate "2022.08.13"]
[EventType "tourn (blitz)"]
[EventRounds "23"]
[EventCountry "GER"]
[SourceTitle "CBM 209 Extra"]
[Source "ChessBase"]
[SourceDate "2022.09.30"]
[SourceVersion "1"]
[SourceVersionDate "2022.09.30"]
[SourceQuality "1"]

1. d4 d5 2. c4 dxc4 3. e3 e5 4. Bxc4 exd4 5. exd4 Bd6 6. Nf3 Nf6 7. 0-0 0-0 8. h3 Re8 9. Nc3 Be6 10. Bd3 Nd5 11. a3 Nxc3 12. bxc3 Nd7 13. Bg5 Be7 14. Bf4 Nf6 15. Re1 Nd5 16. Bd2 Qd7 17. Ne5 Qd6 18. Qh5 Nf6 19. Qh4 g6 20. Bg5 Nh5 21. Bxe7 Qxe7 22. Qxe7 Rxe7 23. Rab1 Rb8 24. Nc6 Ree8 25. Nxb8 Rxb8 26. Be4 c6 27. Bxc6 Rc8 28. Bxb7 Rxc3 29. Bf3 Nf4 30. Rbd1 Nxh3+ 31. gxh3 Rxf3 32. d5 Bxh3 33. Re3 Rxe3 34. fxe3 Kf8 35. e4 Ke7 36. e5 Bf5 37. Kf2 h5 38. Kg3 g5 39. Rc1 Be4 40. Rc5 a6 41. Ra5 Bd3 42. Kf3 h4 43. Kg4 f6 44. exf6+ Kxf6 45. d6 Bb5 46. d7 Ke7 47. a4 Bxd7+ 48. Rf5 Bxf5+ 49. Kxf5 Kd6 50. Ke4 0-1

[Event "GER-ch blitz (Women)"]
[Site "Magdeburg"]
[Date "2022.08.13"]
[Round "9"]
[White "Zschischang, Marine"]
[Black "Skibbe, Diana"]
[Result "1-0"]
[WhiteElo "2012"]
[BlackElo "2004"]
[PlyCount "67"]
[EventDate "2022.08.13"]
[EventType "tourn (blitz)"]
[EventRounds "23"]
[EventCountry "GER"]
[SourceTitle "CBM 209 Extra"]
[Source "ChessBase"]
[SourceDate "2022.09.30"]
[SourceVersion "1"]
[SourceVersionDate "2022.09.30"]
[SourceQuality "1"]

1. d4 f5 2. h3 Nf6 3. g4 fxg4 4. hxg4 d6 5. g5 Ne4 6. Bf4 g6 7. f3 e5 8. dxe5 Nxg5 9. exd6 Bxd6 10. Bxd6 cxd6 11. Qd4 0-0 12. Nc3 Nc6 13. Qh4 Qf6 14. 0-0-0 Qf4+ 15. Qxf4 Rxf4 16. Rxd6 Be6 17. e3 Rf6 18. f4 Nf7 19. Rd2 Bg4 20. Bc4 Na5 21. Bd5 Re8 22. Ne4 Rb6 23. Nh3 Bf3 24. Bxf7+ Kxf7 25. Nhg5+ Kg8 26. Nf6+ Rxf6 27. Nxf3 Rxe3 28. Ng5 Rxf4 29. b3 Nc6 30. Rxh7 Rf5 31. Rxb7 Rxg5 32. Rc7 Re1+ 33. Kb2 Ne5 34. Rd8# 1-0

[Event "BL 2122 (Women)"]
[Site "Germany"]
[Date "2022.05.29"]
[Round "11.5"]
[White "Miturova, Magdalena"]
[Black "Zschischang, Marine"]
[Result "1-0"]
[WhiteElo "2217"]
[BlackElo "2076"]
[PlyCount "105"]
[EventDate "2021.11.27"]
[EventType "team-tourn"]
[EventRounds "11"]
[EventCountry "GER"]
[SourceTitle "EXT 2023"]
[Source "ChessBase"]
[SourceDate "2022.10.05"]
[SourceVersion "1"]
[SourceVersionDate "2022.10.05"]
[SourceQuality "1"]
[WhiteTeam "Rodewisch (W)"]
[BlackTeam "Lehrte (W)"]
[WhiteTeamCountry "GER"]
[BlackTeamCountry "GER"]

1. e4 e6 2. d4 d5 3. Nc3 dxe4 4. Nxe4 Nd7 5. Nf3 Ngf6 6. Bg5 Be7 7. Nxf6+ Bxf6 8. h4 c5 9. dxc5 Qa5+ 10. c3 Qxc5 11. Bd3 Ne5 12. Be4 Nxf3+ 13. Qxf3 Bxg5 14. hxg5 Qxg5 15. Rh5 Qe7 16. 0-0-0 f5 17. Bc6+ Kf7 18. Ba4 g6 19. Rh3 h5 20. Qf4 e5 21. Bb3+ Kg7 22. Re3 e4 23. f3 g5 24. Qh2 Qc5 25. Re2 h4 26. Rd5 Qe7 27. fxe4 f4 28. Qg1 Bg4 29. Qd4+ Kh6 30. Rd6+ Kh5 31. Rd2 Rh6 32. Rd5 Re8 33. e5 b6 34. Qe4 Qh7 35. Qa4 Re7 36. Bc2 Qf7 37. Bd1 Qf5 38. e6 Qxe6 39. Qxf4 Rg6 40. R2d4 Qe3+ 41. Qxe3 Rxe3 42. Bxg4+ Kh6 43. Rd6 Rg3 44. Rxg6+ Kxg6 45. Bh3 Kf6 46. Kd2 a5 47. Rg4 Rxg4 48. Bxg4 Ke5 49. Ke3 Kd5 50. b3 b5 51. Bd7 b4 52. c4+ Ke5 53. Bg4 1-0